000 00287nam a22001217a 4500
008 170504b xxu||||| |||| 00| 0 eng d
041 _aALB
080 _a34
100 _a14
101 _aSHJ
245 _aKOSOVA NE GJUKATEN NDERKOMBTAE TE DREJTESIS
_cOWADA.H
942 _2udc
_cBK
999 _c12684
_d12684